Which Letter Was Added? - World Capitals - Statistics

General Stats
  • This quiz has been taken 31 times
    16 since last reset
  • The average score is 9 of 20
Answer Stats
Capital Answer % Correct
Conackry C
92%
Sanna'a N
92%
Ottaawa A
83%
Tashkeint I
83%
Jakaarta A
67%
Welllington L
67%
Romme M
67%
Cranberra R
67%
Mosckow K
50%
Jubba B
42%
Havvana V
42%
Tokyyo Y
42%
Loundon U
33%
Banggkok G
25%
Liebreville E
17%
Belmopoan O
17%
Maddrid D
8%
Sarajevio I
8%
Muscatt T
8%
Luxexmbourg X
8%
No matching quizzes found
Score Distribution
Percent of People with Each Score
Percentile by Number Answered
Your Score History
You have not taken this quiz since the last reset